000 01215nam a22002537a 4500
005 20170124103151.0
010 _aA-808283
020 _c75.00
035 _aA-808283
037 _bCen Lib/Ret
040 _aDPL
_bHN
082 _a363.7
_bगुप्तारा
100 _aगुप्ता, राजीव
_987998
245 _aपर्यावरण :
_cराजीव गुप्ता
_bविनाश के कगार पर /
246 _aParyavaran : vinash ke kagaar par /
_bby Rajeev Gupta
260 _aदिल्ली
_bत्रिनेत्र प्रकाशन
_c1995
270 _bदिल्ली
_aसी-2, जालान मार्किट, मालीवाड़ा, नई सड़क
_e110006
300 _a103पृ. :
_c20सेमी(सजिल्द)
_bसचित्र
650 _aपर्यावरण -- विनाश के कारण
_981302
650 _aपर्यावरण -- प्रदूषण रुकावट
_9309
650 _aEnvironment - causing the destruction
_987999
650 _aEnvironment - pollution interruption
_988000
942 _2ddc
_cHN
_h363.7
_mगुप्तारा
999 _c119990
_d119990